Normal view
MARC view
- Fernandes,Maria Milagris
Entry Personal Name
001 - CONTROL NUMBER
- control field: 1318
003 - CONTROL NUMBER IDENTIFIER
- control field: JO-AjAnu
005 - DATE AND TIME OF LATEST TRANSACTION
- control field: 20230606070523.0
008 - FIXED-LENGTH DATA ELEMENTS
- fixed length control field: 230606|| aca||aabn | a|a d
040 ## - CATALOGING SOURCE
- Original cataloging agency: JO-AjAnu
- Transcribing agency: JO-AjAnu
100 ## - HEADING--PERSONAL NAME
- Personal name: Fernandes,Maria Milagris
670 ## - SOURCE DATA FOUND
- Source citation: Work cat.: (JO-AjAnu)693: Fernandes,Maria Milagris , author, The Advanced Educational Psychology:The Psychology Of The Learner